000 00500nam a2200133 a 4500
008 120416s1957 ||||||||||||||||| || u
050 _aPN 2596.L7C22 Bar
100 _aBarker, Felix
245 1 4 _aThe house that Stoll built
246 _athe story of the Coliseum theatre
260 _aLondon
_bFrederick Muller
_c1957
350 _a0.00
995 _D0.00
_FCBU-MAIN LIBRARY (Kitwe)
_H1
_I3.50
_M1
_UAVAILABLE
_ZAnnex Low-Usage Collection
999 _c45693
_d45693